00900naa#a2200181#i#4500001001600000005001700016011001400033100004100047102000700088200027900095210005800374215001100432608004500443675010600488700005400594700005200648856001800700RU\\bibl\12452420260601093954.1##a2413-046X##a20260527b2026####ek#y0rusy0150####ca##aRU1#aМеханизм обеспечения социально-экономического развития регионов на основе использования транспортно-инфраструктурного фактораeЖурнальная статья1#aМоскваcЭлектронная наукаd2026##a11 с.##aЖурнальная статья2local##aРегиональная экономика. Территориальная экономика. 332.1#1aБеловаgЕлена Вячеславовна#1aРазумоваgЮлия Викторовна4#ae-integral.ru